[Event "ICS rated blitz match"]
[Site "204.178.125.65"]
[Date "2000.11.07"]
[Round "?"]
[White "AvernoX"]
[Black "Hossa"]
[Result "1-0"]
[WhiteElo "2239"]
[BlackElo "2488"]
[PlyCount "205"]
[EventDate "2000.??.??"]

1. Nf3 g5 2. Nxg5 e5 3. d4 h6 4. Nh3 d6 5. dxe5 dxe5 6. Qxd8+ Kxd8 7. Nc3 Bxh3
8. gxh3 Nc6 9. Be3 Kc8 10. O-O-O Bb4 11. Nd5 Nge7 12. Nxb4 Nxb4 13. Kb1 Nf5 14.
Bd2 Nc6 15. e4 Nd6 16. Bd3 f5 17. exf5 e4 18. Be2 Kd7 19. Bf4 Ke7 20. Bxd6+
cxd6 21. f3 e3 22. Rhg1 Kf6 23. Rd5 Rag8 24. Rxd6+ Kxf5 25. Re1 Kf4 26. Rd7 b6
27. Rf7+ Kg5 28. Bb5 Nd8 29. Rxa7 Kf4 30. Re7 Rg5 31. Bd7 Rd5 32. Bg4 h5 33.
Re4+ Kg5 34. Bc8 Rc5 35. Ba6 Nc6 36. R1xe3 Rf8 37. h4+ Kg6 38. Rb3 Rb8 39. Rb5
Kf6 40. Rxc5 bxc5 41. Bc4 Ne5 42. c3 Kf5 43. Be6+ Kf6 44. Bh3 Nd3 45. Kc2 Nxb2
46. Bd7 c4 47. Bc6 Nd3 48. Rxc4 Ne5 49. Rf4+ Ke6 50. Ba4 Ng6 51. Re4+ Kf7 52.
Bb3+ Kg7 53. Kd3 Kf6 54. Ke3 Rc8 55. c4 Rc7 56. Ba4 Ra7 57. c5 Ne5 58. Rf4+ Ke7
59. Rb4 Ra5 60. Re4 Kf6 61. c6 Ra7 62. h3 Rc7 63. Rd4 Ke7 64. Rd5 Nc4+ 65. Kd4
Nb6 66. Re5+ Kd8 67. Bb5 Rh7 68. Kc5 Kc7 69. Bd3 Rh6 70. Re7+ Kd8 71. Ra7 Nc8
72. Rg7 Rf6 73. Be4 Rf4 74. c7+ Ke8 75. Rh7 Na7 76. Bc6+ Kf8 77. Rh8+ Kf7 78.
Ra8 Rf5+ 79. Kb6 Nxc6 80. c8=Q Ne7 81. Qf8+ Ke6 82. Qh6+ Rf6 83. Qxh5 Nd5+ 84.
Kc5 Nc7 85. Re8+ Kd7 86. Re2 Rc6+ 87. Kd4 Ne6+ 88. Ke4 Rc4+ 89. Ke3 Ke7 90. Kf2
Rc6 91. Qh7+ Kf6 92. h5 Ra6 93. Qg6+ Ke7 94. h6 Rd6 95. h7 Kd7 96. h8=Q Nc5 97.
Qge8+ Kc7 98. Qe7+ Kc6 99. Qc8+ Kb5 100. Qxd6 Nd3+ 101. Qxd3+ Kb4 102. Qb3+ Ka5
103. Qa8# {Hossa checkmated} 1-0

[Event "ICS rated blitz match"]
[Site "204.178.125.65"]
[Date "2000.11.07"]
[Round "?"]
[White "Colorado"]
[Black "Hossa"]
[Result "1-0"]
[WhiteElo "2562"]
[BlackElo "2462"]
[PlyCount "70"]
[EventDate "2000.??.??"]

1. e4 e6 2. d4 b5 3. Bxb5 Bb7 4. Nc3 Bb4 5. f3 Qh4+ 6. g3 Qh5 7. Qd3 f5 8. Nge2
fxe4 9. fxe4 Nf6 10. Bd2 Bxc3 11. Nxc3 Qg6 12. d5 exd5 13. exd5 Qxd3 14. Bxd3
Ba6 15. Bf1 O-O 16. O-O-O Ng4 17. Bxa6 Nxa6 18. Rde1 d6 19. h4 Rf2 20. Rhf1 Rg2
21. Ne4 Rf8 22. Rxf8+ Kxf8 23. b4 Nf6 24. Nxf6 gxf6 25. b5 Nc5 26. Ba5 f5 27.
Bxc7 Ne4 28. Bb8 Rxg3 29. Bxa7 Nc3 30. b6 Rg7 31. Bb8 Rd7 32. Bc7 Nxa2+ 33. Kd2
Nb4 34. Ra1 Ke7 35. b7 Rxc7 {Hossa resigns} 1-0

[Event "ICS rated blitz match"]
[Site "204.178.125.65"]
[Date "2000.11.07"]
[Round "?"]
[White "Hossa"]
[Black "Colorado"]
[Result "0-1"]
[WhiteElo "2450"]
[BlackElo "2574"]
[PlyCount "102"]
[EventDate "2000.??.??"]

1. e4 e5 2. Nf3 Nc6 3. Bb5 a6 4. Ba4 Nf6 5. d3 b5 6. Bb3 Be7 7. a4 Bb7 8. axb5
axb5 9. Rxa8 Bxa8 10. O-O O-O 11. Nc3 b4 12. Nd5 Na5 13. Nxe7+ Qxe7 14. Ba2 d5
15. exd5 Bxd5 16. Bxd5 Nxd5 17. Qe2 Nc6 18. Qe4 Qd6 19. Re1 f6 20. Qg4 f5 21.
Qg3 Ra8 22. Nxe5 Nd4 23. Qh4 Nxc2 24. Re2 b3 25. Nc4 Qf4 26. Qxf4 Nxf4 27. Re1
Ra1 28. Rd1 Nxd3 29. f3 Rxc1 30. Rxc1 Nxc1 31. Kf2 Kf7 32. Ne5+ Ke6 33. f4 g5
34. g3 Kd5 35. Kf3 c5 36. h3 gxf4 37. Kxf4 c4 38. Nxc4 Nd3+ 39. Kxf5 Nd4+ 40.
Kf6 Kxc4 41. Kg7 Nf5+ 42. Kg8 h5 43. g4 hxg4 44. hxg4 Nh6+ 45. Kf8 Nxg4 46. Ke7
Nxb2 47. Ke6 Nd3 48. Kf5 Nde5 49. Ke6 b2 50. Kd6 b1=Q 51. Kc7 Qb5 {
Hossa resigns} 0-1

[Event "ICS rated blitz match"]
[Site "204.178.125.65"]
[Date "2000.11.07"]
[Round "?"]
[White "Colorado"]
[Black "Hossa"]
[Result "1-0"]
[WhiteElo "2585"]
[BlackElo "2439"]
[PlyCount "49"]
[EventDate "2000.??.??"]

1. e4 e6 2. d4 d5 3. Nc3 Bb4 4. e5 c5 5. a3 Bxc3+ 6. bxc3 Ne7 7. Qg4 Qc7 8.
Qxg7 Rg8 9. Qxh7 cxd4 10. Ne2 Nbc6 11. f4 Bd7 12. Qd3 dxc3 13. Rb1 Rc8 14. Ng3
Rh8 15. Qxc3 Ng6 16. Be2 Qd8 17. Qd3 b6 18. Bh5 Nce7 19. O-O Qc7 20. Bd1 Ba4
21. Rf2 Rh7 22. Rb4 b5 23. Nh5 Ng8 24. Bb2 Qd7 25. f5 {Hossa resigns} 1-0

[Event "ICS rated blitz match"]
[Site "204.178.125.65"]
[Date "2000.11.07"]
[Round "?"]
[White "Hossa"]
[Black "Amateur"]
[Result "1-0"]
[WhiteElo "2429"]
[BlackElo "2627"]
[PlyCount "129"]
[EventDate "2000.??.??"]

1. e4 c6 2. d4 d5 3. e5 Bf5 4. Bd3 Bxd3 5. Qxd3 Na6 6. c3 Nc7 7. Nf3 Qd7 8. O-O
Qg4 9. h3 Qg6 10. Qxg6 hxg6 11. b4 O-O-O 12. a4 f6 13. b5 cxb5 14. axb5 Nxb5
15. Re1 g5 16. Re2 a6 17. Ra5 Nc7 18. Rb2 Nh6 19. Nh2 e6 20. Rb6 Nf7 21. Ng4
fxe5 22. dxe5 d4 23. c4 Be7 24. Nh2 Rdf8 25. Nf3 Rd8 26. Bb2 d3 27. Rb3 g4 28.
hxg4 Ng5 29. Nfd2 Rd7 30. f4 Nf7 31. Ne4 Nd8 32. Nd6+ Bxd6 33. exd6 Rxd6 34.
Nd2 Rh4 35. Bxg7 Nc6 36. Rg5 Ne8 37. Bb2 Nd4 38. Bxd4 Rxd4 39. Rg8 Rd8 40. Rb6
Nc7 41. Rxd8+ Kxd8 42. Kf2 Rxg4 43. Kf3 Rg7 44. Rxb7 Rd7 45. Rb3 Kc8 46. g4 Ne8
47. g5 Ng7 48. Rb6 a5 49. Ra6 Nf5 50. Ke4 Nd4 51. Rxa5 Ne2 52. Ke5 Re7 53. Ra8+
Kc7 54. g6 Kb7 55. Rf8 Rc7 56. Rf7 Ka7 57. Rxc7+ Kb6 58. Rd7 Ka5 59. g7 Nc1 60.
g8=Q Kb4 61. Qg1 Nb3 62. Qb1 Kc3 63. Rxd3+ Kb4 64. Qxb3+ Kc5 65. Qb5# {
Amateur checkmated} 1-0

[Event "ICS rated blitz match"]
[Site "204.178.125.65"]
[Date "2000.11.07"]
[Round "?"]
[White "Amateur"]
[Black "Hossa"]
[Result "1-0"]
[WhiteElo "2603"]
[BlackElo "2453"]
[PlyCount "75"]
[EventDate "2000.??.??"]

1. Nf3 Nf6 2. c4 e6 3. d4 b6 4. g3 Ba6 5. b3 Ne4 6. Bg2 Bb4+ 7. Bd2 Nxd2 8.
Nbxd2 Bb7 9. O-O d6 10. Qc2 c5 11. dxc5 bxc5 12. Rad1 f5 13. Qd3 O-O 14. Nb1 d5
15. Ne1 Nc6 16. cxd5 Ne5 17. Qe3 Nf7 18. dxe6 Qxd1 19. Nd3 Qc2 20. Bxb7 Nd6 21.
Bd5 Rae8 22. e7+ Rf7 23. Qe5 Kh8 24. Bxf7 Nxf7 25. Qe6 Nd6 26. Ne5 Qe4 27. Qxd6
Qb7 28. Nc6 h6 29. a3 Ba5 30. Qg6 Qc8 31. Rd1 Rg8 32. Ne5 Re8 33. Nf7+ Kg8 34.
Nxh6+ Kh8 35. Nf7+ Kg8 36. Ng5 Rxe7 37. Qh7+ Kf8 38. Qh8# {Hossa checkmated}
1-0

[Event "ICS rated standard match"]
[Site "204.178.125.65"]
[Date "2000.11.07"]
[Round "?"]
[White "mko"]
[Black "Hossa"]
[Result "1-0"]
[WhiteElo "2118"]
[BlackElo "2388"]
[PlyCount "129"]
[EventDate "2000.??.??"]

1. e4 e5 2. Nf3 Nf6 3. Nc3 Nc6 4. Bb5 Nd4 5. Bc4 Nxf3+ 6. Qxf3 c6 7. a4 Bc5 8.
O-O d6 9. d3 O-O 10. Bg5 Be6 11. Bxf6 Qxf6 12. Qxf6 gxf6 13. a5 Bxc4 14. dxc4
Kg7 15. a6 Rab8 16. axb7 Rxb7 17. Na4 Bb4 18. c3 Ba5 19. c5 Bc7 20. cxd6 Bxd6
21. Rfd1 Be7 22. Kf1 Kh6 23. Rd3 Rd8 24. Rxd8 Bxd8 25. Rd1 Be7 26. Rd3 Kg5 27.
Ke2 Kf4 28. Rh3 Kxe4 29. Rxh7 Kf5 30. Rh8 Ke6 31. h4 Rb3 32. h5 Rb5 33. h6 e4
34. g4 f5 35. Re8 Kd7 36. h7 Bf6 37. g5 Bg7 38. h8=Q Bxh8 39. Rxh8 Ra5 40. b3
f4 41. Rh7 Ke8 42. Rh6 Rxg5 43. Rxc6 Rb5 44. b4 a5 45. Rc5 Rxc5 46. Nxc5 axb4
47. cxb4 Ke7 48. Nxe4 Kd7 49. b5 Kc7 50. Kf3 Kb6 51. Nc3 Kb7 52. Kxf4 Kc7 53.
Kf5 Kb6 54. Kf6 Kc5 55. Kxf7 Kd4 56. b6 Ke5 57. b7 Kd6 58. b8=Q+ Kc5 59. Qb5+
Kd4 60. Ne2+ Ke4 61. Qb3 Kf5 62. Qe6+ Kg5 63. Qe3+ Kg4 64. Qf4+ Kh5 65. Ng3# {
Hossa checkmated} 1-0

[Event "ICS rated standard match"]
[Site "204.178.125.65"]
[Date "2000.11.07"]
[Round "?"]
[White "Hossa"]
[Black "DiepBlue"]
[Result "0-1"]
[WhiteElo "2362"]
[BlackElo "2462"]
[PlyCount "176"]
[EventDate "2000.??.??"]

1. d4 Nf6 2. Bf4 g6 3. Nf3 Bg7 4. e3 d6 5. Nc3 O-O 6. e4 Nc6 7. d5 e5 8. Bg5
Ne7 9. Qd2 Nh5 10. O-O-O f6 11. Bh6 Bg4 12. h3 Bxh6 13. Qxh6 Bxf3 14. gxf3 f5
15. h4 fxe4 16. fxe4 Rxf2 17. Rg1 Kh8 18. Qe3 Rf4 19. Rh1 Qf8 20. Be2 Qh6 21.
Rh3 a6 22. Bf3 Kg7 23. Rg1 Raf8 24. Kb1 R4f7 25. Qf2 Nf4 26. Rhg3 Rf6 27. h5
Nxh5 28. Rh3 R6f7 29. Nd1 Qf4 30. Qe1 Nf6 31. Rh4 Qxf3 32. Rg3 Qxg3 33. Qxg3
Nfxd5 34. exd5 Nf5 35. Qe1 Nxh4 36. Qxh4 Rf4 37. Qe7+ R8f7 38. Qe6 h5 39. Kc1
Rg4 40. Qc8 Rf1 41. Qxc7+ Kh6 42. c3 Rgg1 43. Qxd6 Rxd1+ 44. Kc2 Rde1 45. Qf8+
Kg5 46. Qe7+ Kg4 47. d6 Rg2+ 48. Kb3 Rd2 49. Qxb7 g5 50. d7 Red1 51. Qxa6 Kh4
52. Qc4+ g4 53. Qe6 Kh3 54. Qxe5 h4 55. Qe3+ g3 56. a4 Rxd7 57. Qe4 R7d3 58. a5
g2 59. Qf5+ Kh2 60. Qf4+ Rg3 61. Qxh4+ Rh3 62. Qf4+ Kh1 63. Qe4 Rf1 64. a6 Ra1
65. Qg4 Rh6 66. Qf3 Raxa6 67. Qe4 Rab6+ 68. Ka3 Rbf6 69. Kb4 Rh3 70. c4 Rff3
71. Kb5 g1=Q 72. b4 Qf1 73. Ka5 Rh8 74. Kb6 Rb8+ 75. Kc7 Rxb4 76. Qh4+ Rh3 77.
Qe4+ Kg1 78. Qd4+ Qf2 79. Qd1+ Kh2 80. Qd6+ Qg3 81. c5 Rh6 82. Qxg3+ Kxg3 83.
c6 Rc4 84. Kb6 Rcxc6+ 85. Kb5 Rc2 86. Kb4 Rb6+ 87. Ka5 Rb1 88. Ka6 Ra2# {
Hossa checkmated} 0-1

[Event "ICS Rated blitz match"]
[Site "204.178.125.65"]
[Date "2000.11.07"]
[Round "?"]
[White "Zippy"]
[Black "Hossa"]
[Result "0-1"]
[WhiteElo "2458"]
[BlackElo "2454"]
[PlyCount "204"]
[EventDate "2000.??.??"]

1. d4 Nf6 2. c4 e6 3. Nc3 c5 4. d5 exd5 5. cxd5 d6 6. e4 Be7 7. Nf3 O-O 8. Be2
a6 9. a3 b5 10. O-O b4 11. axb4 cxb4 12. Na2 Nxe4 13. Nxb4 Bf6 14. Qc2 Nc5 15.
Re1 a5 16. Nc6 Nxc6 17. dxc6 Qb6 18. Bd2 a4 19. Bc4 Qxb2 20. Qxb2 Bxb2 21. Ra2
a3 22. Ng5 Ba6 23. Bd5 h6 24. Nf3 Ne6 25. Re3 Nc7 26. Bb3 Rfb8 27. Ba5 Ne8 28.
Nd2 Bb5 29. Bc3 Bxc3 30. Rxc3 Nc7 31. Bd1 Re8 32. Nf3 g6 33. Raxa3 Rxa3 34.
Rxa3 Bxc6 35. h3 Ne6 36. Ra6 Rc8 37. Kh2 Kg7 38. Ra7 Kf6 39. Kg3 d5 40. Bb3 h5
41. Ra6 Nc5 42. Rb6 Nxb3 43. Rxb3 Kf5 44. Rb4 Be8 45. Rf4+ Ke6 46. Rb4 Kd6 47.
Rb6+ Kc5 48. Rb2 Bb5 49. Rc2+ Bc4 50. Ne5 Rc7 51. f4 Kd4 52. Kf3 Rb7 53. Rc1
Kc5 54. Rc2 Re7 55. g3 Rc7 56. Rc1 Kd4 57. Rd1+ Kc3 58. Ke3 Bb3 59. Rd4 f6 60.
Rd3+ Kb4 61. Rd4+ Kc5 62. Nd3+ Kc6 63. f5 gxf5 64. Nf4 Rh7 65. Rd3 Bc4 66. Ra3
h4 67. gxh4 Rxh4 68. Ra8 d4+ 69. Kf3 Rh7 70. Rc8+ Kb5 71. Rb8+ Kc5 72. Rc8+ Kb4
73. Kf2 d3 74. Ke3 Kc3 75. Nd5+ Kb3 76. Nf4 Rh4 77. Rd8 Kc3 78. Rd7 Rh8 79. Rc7
Re8+ 80. Kf3 d2 81. Rd7 Re1 82. h4 d1=Q+ 83. Rxd1 Rxd1 84. h5 Kd4 85. Ng6 Rh1
86. Nf4 Bf7 87. Kg2 Rxh5 88. Nxh5 Bxh5 89. Kg3 Ke3 90. Kh4 Kf2 91. Kxh5 f4 92.
Kg4 Ke3 93. Kf5 f3 94. Ke6 f2 95. Kxf6 f1=Q+ 96. Ke5 Kd3 97. Ke6 Kd4 98. Kd6
Qf6+ 99. Kc7 Kc5 100. Kd7 Qf7+ 101. Kd8 Kd6 102. Kc8 Qc7# {Zippy checkmated}
0-1

[Event "ICS rated standard match"]
[Site "204.178.125.65"]
[Date "2000.11.07"]
[Round "?"]
[White "DiepBlue"]
[Black "Hossa"]
[Result "1-0"]
[WhiteElo "2474"]
[BlackElo "2350"]
[PlyCount "92"]
[EventDate "2000.??.??"]

1. d4 Nf6 2. c4 e6 3. Nc3 c5 4. d5 exd5 5. cxd5 d6 6. e4 Be7 7. f4 O-O 8. Nf3
Ng4 9. Be2 Re8 10. Ng5 Bxg5 11. fxg5 Ne5 12. O-O Nbd7 13. Bf4 a6 14. Bh5 b5 15.
a3 Bb7 16. b4 c4 17. Be3 Re7 18. a4 bxa4 19. Qxa4 Nd3 20. Bd4 N7e5 21. Qa5 Ng6
22. Qxd8+ Rxd8 23. Rfb1 Ra8 24. b5 a5 25. Bxg6 hxg6 26. Ra4 Nb4 27. Bb6 Rc8 28.
Rxa5 Nd3 29. Rba1 Kh7 30. Ra7 f5 31. gxf6 gxf6 32. Bd4 f5 33. b6 fxe4 34. Bf6
Rd7 35. Nxe4 Nc5 36. Re1 Kg8 37. Nxc5 dxc5 38. Bc3 Rf8 39. d6 Rdf7 40. h4 Rb8
41. Re6 Rd7 42. Rxg6+ Kf7 43. Rf6+ Kg8 44. Rh6 Kf7 45. Ra2 Rg8 46. Re2 Rg7 {
Hossa resigns} 1-0

[Event "ICS rated blitz match"]
[Site "204.178.125.65"]
[Date "2000.11.07"]
[Round "?"]
[White "Hossa"]
[Black "Amateur"]
[Result "1-0"]
[WhiteElo "2470"]
[BlackElo "2612"]
[PlyCount "101"]
[EventDate "2000.??.??"]

1. d4 d6 2. c4 e5 3. dxe5 Nc6 4. exd6 Qxd6 5. Qxd6 Bxd6 6. Nf3 Bg4 7. h3 Bb4+
8. Bd2 Bxf3 9. exf3 O-O-O 10. Nc3 Re8+ 11. Be3 f5 12. O-O-O Bxc3 13. bxc3 Nge7
14. Bd3 g6 15. Bc2 h5 16. Ba4 Kb8 17. Bg5 Kc8 18. Rhe1 Rh7 19. Bxc6 bxc6 20.
Re6 a6 21. Kb2 Rg7 22. Kb3 Rf7 23. Kb4 f4 24. Rde1 Kd7 25. Ka5 Rf5+ 26. R6e5
Nc8 27. Rxf5 Rxe1 28. Rf7+ Ke8 29. Rxc7 Re5+ 30. Kxa6 Rxg5 31. Rxc8+ Kd7 32.
Kb7 Rxg2 33. Rxc6 Rxf2 34. Rxg6 Rxa2 35. c5 Kd8 36. Rd6+ Ke7 37. Rd3 Rb2+ 38.
Kc8 Re2 39. c6 Re3 40. Rd7+ Kf6 41. c7 Rxf3 42. Rd6+ Kf7 43. c4 Re3 44. Kb8
Rb3+ 45. Ka7 Ke7 46. Rd5 Ra3+ 47. Kb7 Rb3+ 48. Kc6 Rc3 49. c5 Kf7 50. c8=Q
Rxc5+ 51. Kxc5 {Amateur resigns} 1-0

[Event "ICS rated blitz match"]
[Site "204.178.125.65"]
[Date "2000.11.07"]
[Round "?"]
[White "Amateur"]
[Black "Hossa"]
[Result "1-0"]
[WhiteElo "2590"]
[BlackElo "2492"]
[PlyCount "79"]
[EventDate "2000.??.??"]

1. e4 c5 2. Nf3 e6 3. d4 cxd4 4. Nxd4 a6 5. Bd3 Bc5 6. Nb3 Ba7 7. Qe2 Nc6 8.
Be3 Bxe3 9. Qxe3 d6 10. Nc3 Nf6 11. O-O-O b5 12. f4 Qc7 13. Bxb5 axb5 14. Nxb5
Qb8 15. Nxd6+ Kf8 16. a3 Ba6 17. e5 Nd5 18. Qf3 Qb6 19. Rhe1 Rb8 20. f5 Nxe5
21. Rxe5 Nf6 22. fxe6 fxe6 23. Rxe6 Kg8 24. Qg3 Nh5 25. Qe5 h6 26. Qxh5 Qf2 27.
Nf5 Bc4 28. Qg4 Rh7 29. Ne7+ Kh8 30. Ng6+ Kg8 31. Qxc4 Rh8 32. Rf6+ Kh7 33.
Rxf2 Rhe8 34. Rd7 h5 35. Rxg7+ Kxg7 36. Qf7+ Kh6 37. Ne7 Rxe7 38. Rf6+ Kg5 39.
Qg6+ Kh4 40. Qg3# {Hossa checkmated} 1-0

[Event "ICS rated standard match"]
[Site "204.178.125.65"]
[Date "2000.11.07"]
[Round "?"]
[White "Hossa"]
[Black "AvernoX"]
[Result "1-0"]
[WhiteElo "2339"]
[BlackElo "1520"]
[PlyCount "109"]
[EventDate "2000.??.??"]

1. d4 e6 2. Nf3 Be7 3. e4 Nf6 4. e5 Nd5 5. c4 Nb4 6. a3 N4a6 7. b4 c6 8. Bd3 d6
9. exd6 Qxd6 10. Nc3 O-O 11. Qc2 h5 12. O-O Qd8 13. Bf4 h4 14. Rfd1 Nd7 15. d5
c5 16. b5 Nab8 17. Qe2 Qa5 18. dxe6 Nf6 19. exf7+ Rxf7 20. Bg6 Qxc3 21. Ng5 Rf8
22. Qxe7 Nbd7 23. Ne6 Nd5 24. cxd5 Qf6 25. Bd6 Qxf2+ 26. Kh1 Qf6 27. Nxf8 Qxe7
28. Bxe7 Nxf8 29. Bd3 Bg4 30. Rd2 h3 31. Bxc5 Nd7 32. Bd4 b6 33. Rf1 Re8 34.
gxh3 Bxh3 35. Rg1 Re7 36. d6 Re5 37. Bc4+ Kh7 38. Bxe5 Nxe5 39. Rg5 Nxc4 40.
Rh5+ Kg6 41. Rxh3 Na5 42. Rh8 Nb7 43. Rb8 Nxd6 44. Rxd6+ Kf5 45. Rd7 g6 46.
Rxa7 Ke5 47. Rxb6 g5 48. Re7+ Kd4 49. Rg6 g4 50. b6 g3 51. b7 Kd5 52. b8=Q g2+
53. Kxg2 Kd4 54. Rd6+ Kc5 55. Qb4# {AvernoX checkmated} 1-0

[Event "ICS rated standard match"]
[Site "204.178.125.65"]
[Date "2000.11.07"]
[Round "?"]
[White "mko"]
[Black "Hossa"]
[Result "1-0"]
[WhiteElo "2167"]
[BlackElo "2339"]
[PlyCount "181"]
[EventDate "2000.??.??"]

1. e4 e6 2. d4 d5 3. Nc3 dxe4 4. Nxe4 Nc6 5. Nf3 Nge7 6. c3 Ng6 7. Bc4 Be7 8.
O-O O-O 9. b4 b6 10. Re1 Bb7 11. Neg5 a5 12. b5 Na7 13. Bd3 Rb8 14. a4 Nc8 15.
Qe2 Nd6 16. Bxg6 hxg6 17. Nxe6 fxe6 18. Qxe6+ Rf7 19. Ne5 Qc8 20. Qa2 Bh4 21.
Nxf7 Nxf7 22. Bf4 Qg4 23. Bg3 Bxg3 24. hxg3 Kf8 25. Qc4 Rc8 26. Qb3 Qf5 27.
Qa3+ Kg8 28. Re7 Qd5 29. f3 Qg5 30. g4 Nd6 31. Rae1 Qh4 32. Qa2+ Kf8 33. Qe6
Qf6 34. Qd7 Bd5 35. R1e5 Bf7 36. g5 Qf4 37. Kf1 Kg8 38. R5e6 Qc1+ 39. Kf2 Qc2+
40. Re2 Qf5 41. g3 Qxd7 42. Rxd7 Bb3 43. c4 Bxa4 44. Ree7 Ne8 45. Re3 Kf8 46.
g4 Nd6 47. Rc3 Kg8 48. Ke1 Rf8 49. Ra3 Re8+ 50. Kf2 Bd1 51. Rxc7 Re2+ 52. Kg3
Rc2 53. Ra1 Be2 54. Rc6 Nxc4 55. Re1 Kf7 56. Rc7+ Kf8 57. Rh1 Kg8 58. Rh2 Ne3
59. Rxc2 Nxc2 60. Rxe2 Nxd4 61. Re8+ Kf7 62. Rb8 Nxb5 63. Rxb6 Nd4 64. Rd6 Ne2+
65. Kf2 Nf4 66. Ke3 Ne6 67. Rd5 a4 68. f4 Kf8 69. Ra5 Ke7 70. Rxa4 Kf8 71. Ra8+
Ke7 72. Ke4 Nc5+ 73. Kd5 Nd3 74. Ra3 Nf2 75. Ra2 Nxg4 76. Ra7+ Ke8 77. Ke6 Kd8
78. Rxg7 Ne3 79. Rxg6 Kc7 80. Rg7+ Kc6 81. g6 Nd5 82. Rf7 Ne3 83. g7 Nc2 84.
g8=Q Nd4+ 85. Ke5 Nf3+ 86. Ke4 Nd2+ 87. Kd3 Kd6 88. Qg6+ Kc5 89. Rf5+ Kb4 90.
Qb6+ Ka4 91. Ra5# {Hossa checkmated} 1-0

[Event "ICS Rated standard match"]
[Site "204.178.125.65"]
[Date "2000.11.07"]
[Round "?"]
[White "Yace"]
[Black "Hossa"]
[Result "1-0"]
[WhiteElo "2653"]
[BlackElo "2316"]
[PlyCount "151"]
[EventDate "2000.??.??"]

1. d4 d5 2. c4 e6 3. Nc3 c5 4. cxd5 exd5 5. Nf3 Nc6 6. g3 c4 7. Bg2 Bb4 8. O-O
Nge7 9. a3 Ba5 10. e4 dxe4 11. Nxe4 O-O 12. Qa4 Bb6 13. Bg5 h6 14. Bxe7 Qxe7
15. d5 Qxe4 16. dxc6 Qxc6 17. Qxc6 bxc6 18. Ne5 Be6 19. Nxc6 Bd8 20. Rad1 Bf6
21. f4 g6 22. Rf2 Rfe8 23. Bf3 a6 24. g4 Rac8 25. f5 gxf5 26. gxf5 Bxf5 27. Bd5
Re6 28. Na5 Re5 29. Nxc4 Rxd5 30. Rxd5 Rxc4 31. Rdxf5 Bd4 32. Rxf7 Bxf2+ 33.
Rxf2 Kg7 34. Kg2 Rc5 35. b4 Rg5+ 36. Kf3 Rh5 37. Kg4 Rg5+ 38. Kf3 Rh5 39. Kg4
Rg5+ 40. Kh4 Rd5 41. Rf4 Kg6 42. a4 Rd2 43. h3 Ra2 44. a5 Rd2 45. Rc4 Rd6 46.
Kg4 Re6 47. Kf4 Kh5 48. Rc5+ Kh4 49. Kf5 Rd6 50. Ke5 Rg6 51. Kd5 Kxh3 52. Rc6
Rg5+ 53. Kc4 h5 54. Rxa6 h4 55. Rh6 Kg3 56. a6 Rg8 57. Rxh4 Kxh4 58. b5 Rc8+
59. Kb4 Ra8 60. Ka5 Rf8 61. a7 Ra8 62. b6 Kg5 63. Ka6 Rf8 64. b7 Rf6+ 65. Kb5
Rf5+ 66. Kc4 Rf4+ 67. Kd3 Rf3+ 68. Ke2 Rf6 69. b8=Q Re6+ 70. Kd3 Rh6 71. Qg3+
Kf5 72. a8=Q Rc6 73. Qf3+ Ke5 74. Qa5+ Rc5 75. Qxc5+ Ke6 76. Qff5# {
Hossa checkmated} 1-0

[Event "ICS rated blitz match"]
[Site "204.178.125.65"]
[Date "2000.11.07"]
[Round "?"]
[White "Hossa"]
[Black "Dorky"]
[Result "1-0"]
[WhiteElo "2480"]
[BlackElo "2300"]
[PlyCount "105"]
[EventDate "2000.??.??"]

1. d4 Nf6 2. c4 e6 3. Nf3 c6 4. Nc3 d5 5. e3 Nbd7 6. cxd5 Nxd5 7. e4 N5b6 8.
Bd3 Bb4 9. Bg5 f6 10. Be3 O-O 11. O-O Bd6 12. a4 a5 13. Qc2 Bb4 14. Na2 Be7 15.
b3 Nb8 16. Bf4 Qd7 17. Rfd1 Re8 18. Re1 Na6 19. Bd2 Nb8 20. Rab1 Rd8 21. Bf4
Na6 22. Red1 Nb4 23. Nxb4 axb4 24. Ra1 Ra5 25. d5 exd5 26. exd5 Rxd5 27. Bxh7+
Kh8 28. Re1 Rc5 29. Qg6 Rd5 30. h3 Bd6 31. Bxd6 Qxd6 32. Qe4 g5 33. a5 Na8 34.
Ra4 f5 35. Qe3 Kxh7 36. Qxg5 Rd1 37. Qh4+ Kg8 38. Rxb4 Rxe1+ 39. Nxe1 Re8 40.
Nf3 c5 41. Qg5+ Kf8 42. Rh4 Bd7 43. Rh8+ Kf7 44. Rh7+ Ke6 45. Rh6+ Kf7 46. Rxd6
Re1+ 47. Nxe1 Ke8 48. Qg7 Bc6 49. Qh8+ Kf7 50. Qf6+ Kg8 51. Rd8+ Be8 52. Rxe8+
Kh7 53. Rh8# {Dorky checkmated} 1-0

[Event "ICS rated blitz match"]
[Site "204.178.125.65"]
[Date "2000.11.07"]
[Round "?"]
[White "Dorky"]
[Black "Hossa"]
[Result "1-0"]
[WhiteElo "2292"]
[BlackElo "2488"]
[PlyCount "133"]
[EventDate "2000.??.??"]

1. d4 Nf6 2. c4 e6 3. Nc3 Bb4 4. Nf3 c5 5. g3 cxd4 6. Nxd4 Ne4 7. Qc2 Nxc3 8.
bxc3 Be7 9. Bg2 O-O 10. O-O d6 11. Rd1 Re8 12. Nb5 Nd7 13. Ba3 d5 14. Bxe7 Rxe7
15. cxd5 exd5 16. Rxd5 Qf8 17. Rad1 Nf6 18. Rd8 Re8 19. R8d4 Qe7 20. Kh1 Bg4
21. f3 Bd7 22. Nd6 Qxe2 23. R4d2 Qe3 24. Nxe8 Rxe8 25. Rd3 Qc5 26. Qd2 Re7 27.
Rd6 b6 28. Qd4 Qg5 29. Qb4 Qe5 30. f4 Qh5 31. Qd4 Qe2 32. Rd2 Qe1+ 33. Qg1 Kh8
34. a3 Kg8 35. c4 Kh8 36. Rd1 Qc3 37. Qd4 Qc2 38. Kg1 Bg4 39. Rd8+ Ne8 40. Ra1
Bf5 41. Bf3 Kg8 42. g4 Bg6 43. f5 Bxf5 44. gxf5 Qxf5 45. Rf1 Qg6+ 46. Kh1 Qe6
47. Bd5 Qg6 48. Rxf7 Qxf7 49. Bxf7+ Kxf7 50. Rd7 Nf6 51. Rd6 Re1+ 52. Kg2 Re2+
53. Kf3 Ra2 54. Qe3 h5 55. h3 Rb2 56. Rc6 Kg6 57. Rc7 a6 58. Kf4 Kh7 59. Qd3+
Kh6 60. Qg3 Rf2+ 61. Qxf2 Ne8 62. Qxb6+ Nf6 63. Qe6 h4 64. Qxf6+ gxf6 65. Kf5
a5 66. a4 Kh5 67. Rh7# {Hossa checkmated} 1-0

[Event "ICS rated blitz match"]
[Site "204.178.125.65"]
[Date "2000.11.07"]
[Round "?"]
[White "Hossa"]
[Black "ebo"]
[Result "1-0"]
[WhiteElo "2464"]
[BlackElo "1911"]
[PlyCount "75"]
[EventDate "2000.??.??"]

1. e4 c5 2. Nf3 d6 3. d4 cxd4 4. Qxd4 Nc6 5. Bb5 Bd7 6. Bxc6 bxc6 7. e5 Qb6 8.
Qxb6 axb6 9. Be3 b5 10. O-O Be6 11. Nbd2 c5 12. Rfe1 h6 13. a3 g5 14. exd6 exd6
15. Ne4 Be7 16. Rad1 Rd8 17. Bd2 d5 18. Nc3 Rb8 19. Ne5 b4 20. axb4 cxb4 21.
Ne2 Bd6 22. Ng6 Rh7 23. Nd4 Kd7 24. Ra1 Rb7 25. Ra6 Nf6 26. f3 Ne8 27. Ne5+
Bxe5 28. Rxe5 Nc7 29. Ra4 f6 30. Nxe6 Nxe6 31. Rxd5+ Kc6 32. Rf5 Rhd7 33. Bxb4
Rd1+ 34. Kf2 Rc1 35. c3 Rc2+ 36. Kf1 Rxb2 37. Ra6+ Kd7 38. Rd5+ {ebo resigns}
1-0

[Event "ICS rated blitz match"]
[Site "204.178.125.65"]
[Date "2000.11.07"]
[Round "?"]
[White "ebo"]
[Black "Hossa"]
[Result "0-1"]
[WhiteElo "1910"]
[BlackElo "2465"]
[PlyCount "66"]
[EventDate "2000.??.??"]

1. e4 c5 2. Nf3 d6 3. d4 cxd4 4. Nxd4 e5 5. Nb5 Nf6 6. Bg5 Be7 7. Bxf6 gxf6 8.
N5c3 f5 9. Qh5 fxe4 10. Bc4 O-O 11. Nd5 Nc6 12. c3 Bh4 13. O-O Na5 14. Nd2 Be6
15. Rad1 b5 16. Bb3 f5 17. g3 Nxb3 18. Nxb3 Bg5 19. Ne3 Bf7 20. Qe2 Bxe3 21.
Qxe3 Qf6 22. Rd2 Bh5 23. Nc1 Bf3 24. Rd5 Rfb8 25. Qd2 Rb6 26. Ne2 Qe6 27. Rd1
f4 28. Nxf4 exf4 29. Rxd6 Rxd6 30. Qxd6 Qxa2 31. Qd5+ Qxd5 32. Rxd5 e3 33. Re5
e2 {ebo resigns} 0-1

[Event "ICS rated blitz match"]
[Site "204.178.125.65"]
[Date "2000.11.08"]
[Round "?"]
[White "Amateur"]
[Black "Hossa"]
[Result "1/2-1/2"]
[WhiteElo "2603"]
[BlackElo "2466"]
[PlyCount "179"]
[EventDate "2000.??.??"]

1. e4 c5 2. Nf3 d6 3. d4 cxd4 4. Nxd4 e5 5. Nf3 Nf6 6. Bc4 Be7 7. Nc3 O-O 8.
O-O Nc6 9. Be3 Be6 10. Bxe6 fxe6 11. Ng5 Qd7 12. Qd3 Ng4 13. Bd2 h6 14. Qg3 Nf6
15. Nf3 Kh7 16. Be3 Bd8 17. a3 Nh5 18. Qg4 Nf6 19. Qh3 Kg8 20. Rad1 Bc7 21. Qg3
Kh7 22. Qh4 Kg8 23. Nb5 a6 24. Nxc7 Qxc7 25. c3 d5 26. exd5 exd5 27. Qg3 Kh7
28. Qh4 Kg8 29. Qh3 Qc8 30. Qg3 Ne4 31. Qh4 Nf6 32. Bc5 Rf7 33. h3 b5 34. Rde1
Qf5 35. Rd1 Rd8 36. a4 Ne4 37. axb5 axb5 38. Bb6 Rb8 39. Be3 b4 40. Rxd5 bxc3
41. bxc3 Nxc3 42. Rd2 e4 43. Nd4 Nxd4 44. Bxd4 Nd5 45. Rfd1 Nf4 46. Be3 Rbf8
47. Rd8 Ne2+ 48. Kh1 Nc3 49. R1d6 Qb5 50. Kh2 Qe5+ 51. Kh1 Qa5 52. Bxh6 Qa1+
53. Kh2 Ne2 54. Rd1 Qe5+ 55. Kh1 Nc3 56. Be3 Nxd1 57. Rxd1 Ra8 58. Rd8+ Rxd8
59. Qxd8+ Rf8 60. Qd2 Kh7 61. Qc2 Ra8 62. g4 Ra1+ 63. Kg2 Ra3 64. Qc4 g6 65. h4
Ra8 66. Qf7+ Qg7 67. Qd5 Re8 68. Bg5 Qc7 69. Bf6 Rf8 70. g5 Qc8 71. Qxe4 Re8
72. Qf3 Qa8 73. Kg3 Qb8+ 74. Kh3 Qc8+ 75. Kg3 Qb8+ 76. Kg2 Qa8 77. Qxa8 Rxa8
78. f4 Ra3 79. Kh2 Rf3 80. Be5 Kg8 81. Kg2 Rd3 82. Bf6 Rd6 83. f5 Rxf6 84. gxf6
gxf5 85. Kf3 Kf7 86. h5 Ke6 87. h6 Kxf6 88. h7 Kg7 89. Kf4 Kxh7 90. Kxf5 {
Game drawn because neither player has mating material} 1/2-1/2